Statistiques concernant Plus longue réponse possible - Histoire-Géo

Cliquez ici pour prendre le quiz!

Statistiques générales

  • Ce quiz a été pris 99 fois
  • Le résultat moyen est 3 sur 10

Statistiques - réponses

CatégoriesRéponses% Correct
Pays d'AfriqueRépublique Démocratique du Congo
61%
Présidents Français (Nom)Valéry Giscard d'Estaing
53%
Pays du monde (quiz "pays du monde")Saint-Vincent-et-les-Grenadines
45%
Départements FrançaisAlpes de Haute Provence
43%
Etats des Etats-UnisVirginie-Occidentale
28%
Présidents des Etats-Unis (Nom)Dwight Eisenhower | George Washington
26%
Préfectures départementales FrançaisesCharleville-Mézières | Chalons-en-Champagne
15%
Cantons SuisseAppenzell Rhodes Extérieures | Appenzell Rhodes Intérieures
10%
Premiers Ministres FrançaisMaurice Couve de Murville
9%
Pays du monde (forme longue)Royaume Uni de Grande Bretagne et d'Irlande du Nord
4%

Distribution des résultats

Percentile par nombre de réponses

% des personnes avec chaque résultat

Votre développement - résultats

Vous n’avez pas pris ce quiz